Guess the NBA Player's Birth Country - Statistics

General Stats
  • This quiz has been taken 104 times
  • The average score is 21 of 40
Answer Stats
Hint Answer % Correct
Giannis Antetekounmpo Greece
99%
Stephen Curry United States
97%
Nikola Jokic Serbia
90%
Rudy Gobert France
83%
Shai Gilgeous-Alexander Canada
82%
Luka Doncic Slovenia
82%
Ben Simmons Australia
78%
Joel Embiid Cameroon
78%
Ricky Rubio Spain
70%
Franz Wagner Germany
69%
Jusuf Nurkic Bosnia and Herzegovina
64%
Rui Haichimura Japan
64%
Kristaps Porzingis Latvia
64%
Steven Adams New Zealand
64%
Danilo Gallinari Italy
61%
Lauri Markkanen Finland
58%
Domantas Sabonis Lithuania
58%
Al Horford Dominican Republic
56%
Bojan Bogdanovic Croatia
55%
Nikola Vucevic Montenegro
48%
OG Anunoby United Kingdom
48%
Bol Bol Sudan
45%
Deandre Ayton Bahamas
44%
Facundo Campazzo Argentina
43%
Precious Achiuwa Nigeria
40%
Jakob Poeltl Austria
39%
Clint Capela Switzerland
39%
Raul Neto Brazil
35%
Serge Ibaka Congo
35%
Gorgui Dieng Senegal
34%
Jonathan Kuminga Democratic Republic of the Congo
32%
Enes Freedom Turkey
32%
Goga Bitazde Georgia
31%
Tomas Satoransky Czech Republic
29%
Deni Avdija Israel
27%
Abdel Nader Egypt
25%
Neemias Queta Portugal
25%
Bruno Fernando Angola
19%
Nick Richards Jamaica
17%
Chris Boucher St. Lucia
13%
No matching quizzes found
Score Distribution
Percent of People with Each Score
Percentile by Number Answered
Your Score History
You have not taken this quiz